The 12th International Symposium : (Registro nro. 20360)

Detalles MARC
000 -CABECERA
Campo de control 01051nam a2200205 a 4500
005 - FECHA Y HORA DE LA ULTIMA TRANSACCION
Campo de control 20181117183234.0
008 - ELEMENTOS DE LONGITUD FIJA—INFORMACION GENERAL
Campo de control 181117s2018 ko ao|||r|||| 00| 0 eng d
040 ## - FUENTE DE CATALOGACIÓN
Agencia catalogadora original CO-BoIAVH
Agencia transcriptora CO-BoIAVH
041 0# - IDIOMA
Código de idioma para texto/pista de sonido o título separado Inglés
044 ## - PAÍS DE PUBLICACIÓN
País de publicación Corea (Sur)
082 04 - NUMERO DE CLASIFICACION DECIMAL DEWEY
Número de clasificación 333.95068
111 2# - ASIENTO PRINCIPAL--NOMBRE DE REUNION
9 (RLIN) 101417
Nombre de reunión o de jurisdicción como elemento de entrada International Symposium Future of International Joint Research on Biological Resources
Número de la parte/sección/reunión (12a.:
Fecha de la reunión 24 de abril de 2018:
Lugar de la reunión Seúl (Corea del sur))
245 14 - MENCION DE TITULO
Título The 12th International Symposium :
Parte restante del título Future of International Joint Research on Biological Resources /
260 ## - PUBLICACION, DISTRIBUCION, ETC. (PIE DE IMPRENTA)
Lugar de publicación, distribución, etc. Corea deel Sur:
Nombre del editor, distribuidor, etc. Centro Nacional de Recursos Biológicos. Ministerio de Medio Ambiente,
Fecha de publicación, distribución, etc. 2018.
300 ## - DESCRIPCION FISICA
Extensión 340 páginas :
Otros detalles físicos ilustraciones y fotografías ;
Dimensiones 30 x 21 cm.
611 20 - ASIENTO SECUNDARIO DE MATERIA - NOMBRE DE LA REUNION
9 (RLIN) 101418
Nombre de la reunión o nombre de la jurisdicción como elemento de entrada International Symposium Future of International Joint Research on Biological Resources
Fecha de la reunión (24 de abril de 2018:
Lugar de la reunión Seúl (Corea del sur))
Subdivisión general Programa
650 26 - ASIENTO SECUNDARIO DE MATERIA - TERMINO TEMATICO
9 (RLIN) 8551
Término temático o nombre geográfico como elemento de entrada Recursos biológicos
Subdivisión de forma Congresos, conferencias, etc
Subdivisión cronológica 2018
650 26 - ASIENTO SECUNDARIO DE MATERIA - TERMINO TEMATICO
9 (RLIN) 919
Término temático o nombre geográfico como elemento de entrada Biodiversidad
Subdivisión general Cooperación internacional
942 ## - ELEMENTOS ADICIONALES (KOHA)
Sistema de clasificación Dewey Decimal Classification
Tipo de ítem Libro
Existencias
Withdrawn status Lost status Sistema de Clasificación Damaged status No para préstamo Colección Inventariado Ubicación Permanente Ubicación actual Fecha de adquisición Total Checkouts Número topográfico Inventario / Código de Barras Date last seen Ejemplar Price effective from Forma de adquisición Tipo de material
    Dewey Decimal Classification     General Inventariado 2018 Bogotá Bogotá 17/11/2018   LB-333.95068 I61s 030216 17/11/2018 Ej. 1 17/11/2018 Donación Libro